A Transzgenerációs Trauma Hatása A Traumatikus Élmények Átörökítése és Az Utódokra Gyakorolt Hatása Generációkon Át

Bibliographic Details
Main Author: Kreisz Fanni
Other Authors: Hübner Andrea Gabriella
Format: Thesis
Kulcsszavak:Családállítás
család
genogram
transzgeneráció
trauma
Online Access:http://dolgozattar.uni-bge.hu/60207

MARC

LEADER 00000nta a2200000 i 4500
001 dolg60207
005 20260409150133.0
008 260409suuuu hu om 000 hun d
040 |a BGE Dolgozattár Repozitórium  |b hun 
041 |a hu 
100 1 |a Kreisz Fanni 
245 1 2 |a A Transzgenerációs Trauma Hatása  |b A Traumatikus Élmények Átörökítése és Az Utódokra Gyakorolt Hatása Generációkon Át  |c Kreisz Fanni  |h [elektronikus dokumentum] 
520 3 |a A szakdolgozat középpontjában a transzgenerációs traumák állnak, vagyis azok a pszichés terhek és mintázatok, amelyek generációkon keresztül öröklődnek a családokon belül. A dolgozat célja feltárni, hogyan hatnak ezek az átadott traumák az egyén életvezetésére, döntéseire és kapcsolataira. Külön figyelmet kap a családállítás módszere mint az egyik lehetséges eszköz a múlt feldolgozására és a családi minták tudatosítására. A tabusítás, a kimondatlanság, valamint a transzgenerációs hatások felismerése kulcsfontosságú lehet az önismeret és a belső szabadság eléréséhez. A dolgozat elméleti és gyakorlati megközelítései segítségével árnyalt képet ad a családi rendszerek mélyebb pszichológiai működéséről. 
695 |a Családállítás 
695 |a család 
695 |a genogram 
695 |a transzgeneráció 
695 |a trauma 
700 1 |a Hübner Andrea Gabriella  |e ths 
856 4 0 |u http://dolgozattar.uni-bge.hu/60207/1/Kreisz%20Fanni_I8K1I5_%20Szakdolgozat_2025.pdf  |z Dokumentum-elérés 
856 4 0 |u http://dolgozattar.uni-bge.hu/60207/2/Kreisz%20Fanni.pdf  |z Dokumentum-elérés 
856 4 0 |u http://dolgozattar.uni-bge.hu/60207/3/Kreisz%20Fanni_b%C3%ADr%C3%A1lat.pdf  |z Dokumentum-elérés